| 000 | 00588nam a22001697a 4500 | ||
|---|---|---|---|
| 005 | 20251108164118.0 | ||
| 008 | 250721s1993 xx 000 0 ara d | ||
| 082 | 1 | 4 | _a027.82/سعد |
| 100 | 1 | _aالهجرسي، سعد محمد | |
| 245 | 1 | 0 | _aالمكتبات و المعلومات بالمدارس و الكليات / |
| 264 | 1 |
_aالقاهرة : _bالدار المصرية اللبنانية، _c1993. |
|
| 300 | _a390ص | ||
| 490 | 0 | _aاوراق في المكتبات و المعلومات ؛ 1 | |
| 650 | 1 | 7 | _aالمكتبات المدرسية |
| 942 |
_2ddc _cBK |
||
| 999 |
_c3932 _d3932 |
||